| 000 | 01563nam a2200325 i 4500 | ||
|---|---|---|---|
| 001 | 768714001 | ||
| 003 | CO-MdFUSB | ||
| 005 | 20210908142947.0 | ||
| 007 | ta | ||
| 008 | 200708t1986 ec a|||| |||| 00| 0 spa d | ||
| 020 | _a[No incluye ISBN] | ||
| 040 |
_aCO-MdFUSB _bspa _cCO-MdFUSB _dCO-MdFUSBC _erda |
||
| 041 | _aspa | ||
| 082 |
_223 _a226.407 _bT337 |
||
| 100 |
_aTescaroli, P. Cirilo _eautor |
||
| 245 | 1 | 3 |
_aEl evangelio de San Lucas _b: lectura y comentarios _c/ P. Cirilo Tescaroli |
| 264 | 1 |
_aQuito, Ecuador : _bLibrería espiritual, _c[1986] |
|
| 264 | 4 | _c©1986 | |
| 300 |
_c362 páginas ; _a22 cm |
||
| 336 |
_2rdacontent _atexto _btxt |
||
| 337 |
_2rdamedia _asin mediación _bn |
||
| 338 |
_2rdacarrier _avolumen _bnc |
||
| 504 | _aIncluye textos auxiliares página 362 | ||
| 505 | _aIntroducción a los evangelios -- ¿Qué son los evangelios? -- Contenido de los evangelios -- El camino de cristo según los evangelios -- Introducción al evangelio de San Lucas -- La figura del evangelista -- Autenticidad y fecha de composición -- Los contenidos -- Destinatarios y finalidad -- Lectura del evangelio según San Lucas -- Los evangelios de la infacia -- Anuncio del nacimiento de juan el bautista -- Zacarias e israel -- La reacción de Zacarias -- La misión del precursor -- La dudad de Zacarias -- La anunciación -- María y José - entre otros temas del evangelio según San Lucas estudiados por el autor. | ||
| 563 | _aRústico | ||
| 630 | 0 | 7 |
_aBiblia. _vLucas |
| 630 | 0 | 7 |
_aBiblia _vComentarios |
| 942 | _cBK | ||
| 945 | _aDani | ||
| 999 |
_c66488 _d66488 |
||